বিজ্ঞানের সংক্ষিপ্ত ইতিহাস : (Record no. 2607)

MARC details
000 -LEADER
fixed length control field 01157nam a22002297a 4500
003 - CONTROL NUMBER IDENTIFIER
control field BD-DhJNU
005 - DATE AND TIME OF LATEST TRANSACTION
control field 20260208061702.0
008 - FIXED-LENGTH DATA ELEMENTS--GENERAL INFORMATION
fixed length control field 260208b |||||||| |||| 00| 0 eng d
020 ## - INTERNATIONAL STANDARD BOOK NUMBER
International Standard Book Number 9789849395485
040 ## - CATALOGING SOURCE
Original cataloging agency BD-DhJNU
Language of cataloging BEN
Transcribing agency BD-DhJNU
Modifying agency BD-DhJNU
082 ## - DEWEY DECIMAL CLASSIFICATION NUMBER
Edition number 23
Classification number 509
100 ## - MAIN ENTRY--PERSONAL NAME
Personal name বাইনাম, উইলিয়াম
242 ## - TRANSLATION OF TITLE BY CATALOGING AGENCY
Title A brief history of science :
Statement of responsibility, etc. William Bynum
245 ## - TITLE STATEMENT
Title বিজ্ঞানের সংক্ষিপ্ত ইতিহাস :
Statement of responsibility, etc. উইলিয়াম বাইনাম এবং কাজী মাহবুব হাসান (অনুবাদক)
260 ## - PUBLICATION, DISTRIBUTION, ETC.
Place of publication, distribution, etc. ঢাকা :
Name of publisher, distributor, etc. দিব্য প্রকাশ,
Date of publication, distribution, etc. 2020.
300 ## - PHYSICAL DESCRIPTION
Extent ৩০৩ পৃ. :
Other physical details চিত্র ;
Dimensions ২১ সেমি.।
504 ## - BIBLIOGRAPHY, ETC. NOTE
Bibliography, etc. note গ্রন্থপঞ্জিগত নির্দেশিকা ও নিঘন্ট অন্তভূক্ত
650 ## - SUBJECT ADDED ENTRY--TOPICAL TERM
Topical term or geographic name entry element আবিষ্কার ও উদ্ভাবন - ইতিহাস
650 ## - SUBJECT ADDED ENTRY--TOPICAL TERM
Topical term or geographic name entry element Discoveries and Inventions - History
700 ## - ADDED ENTRY--PERSONAL NAME
Personal name হাসান, কাজী মাহবুব
Relator term অনুবাদক
942 ## - ADDED ENTRY ELEMENTS (KOHA)
Source of classification or shelving scheme Dewey Decimal Classification
Koha item type Books
Suppress in OPAC No
Holdings
Withdrawn status Lost status Source of classification or shelving scheme Damaged status Not for loan Collection Home library Current library Shelving location Date acquired Source of acquisition Total checkouts Full call number Barcode Date last seen Copy number Price effective from Koha item type
    Dewey Decimal Classification     Non-fiction Jagannath University Central Library Jagannath University Central Library General stacks 02/08/2026 Purchased   509 BYB JNUCL36209 02/08/2026 1 02/08/2026 Books